[Event "Barcelona IM Norm 2nd"]
[Site "Barcelona"]
[Date "2019.06.08"]
[Round "9.4"]
[White "Garcia Playa, David"]
[Black "Moravich Casais, Juan Santiago"]
[Result "1-0"]
[WhiteElo "2057"]
[BlackElo "1993"]
[PlyCount "137"]
[EventDate "2019.04.06"]
[EventType "tourn"]
[EventRounds "9"]
[EventCountry "ESP"]
[SourceTitle "EXT 2024"]
[Source "ChessBase"]
[SourceDate "2023.10.10"]
[SourceVersion "1"]
[SourceVersionDate "2023.10.10"]
[SourceQuality "1"]

1. e4 c5 2. Nf3 Nf6 3. e5 Nd5 4. Nc3 Nxc3 5. dxc3 Nc6 6. Bc4 e6 7. Bf4 Qb6 8. b3 Qc7 9. 0-0 h6 10. Bg3 b6 11. Qe2 Bb7 12. Nd2 d6 13. exd6 Bxd6 14. Bxe6 Bxg3 15. Bxf7+ Kxf7 16. fxg3+ Kg8 17. Qe6+ Kh7 18. Rf7 Qe5 19. Qxe5 Nxe5 20. Rxb7 Rhd8 21. Nf1 Rd6 22. Re7 Nc6 23. Re3 Rf8 24. Rae1 Rff6 25. Rd3 Rde6 26. Rde3 Rd6 27. h3 h5 28. Rd3 Kg6 29. Re2 Rde6 30. Rxe6 Rxe6 31. Kf2 Ne5 32. Re3 Rf6+ 33. Ke2 Kf5 34. Nd2 g5 35. Nf3 Nc6 36. Ne1 Rd6 37. Nd3 Rd8 38. Rf3+ Ke6 39. a3 Rc8 40. Nf2 Ne5 41. Re3 Kf5 42. c4 Nc6 43. c3 Na5 44. g4+ hxg4 45. Nxg4 Nxb3 46. Re5+ Kg6 47. Re6+ Kf7 48. Re5 Kg6 49. Re7 Na5 50. Ne3 Nc6 51. Re6+ Kf7 52. Re4 Re8 53. Rxe8 Kxe8 54. Kf3 Kf7 55. Ke4 Ke6 56. g3 Na5 57. a4 Nb7 58. Ng4 Nd8 59. h4 gxh4 60. gxh4 Nc6 61. h5 Na5 62. Ne3 Nb3 63. Kf4 Nd2 64. Kg5 Kf7 65. Kf5 a6 66. h6 Nxc4 67. Nxc4 b5 68. axb5 axb5 69. Nd6+ 1-0

[Event "Barcelona Gotico"]
[Site "Barcelona"]
[Date "2019.04.23"]
[Round "6"]
[White "Molano Lafuente, Ismael"]
[Black "Moravich Casais, Juan Santiago"]
[Result "1/2-1/2"]
[WhiteElo "1956"]
[BlackElo "1969"]
[PlyCount "50"]
[EventDate "2019.03.12"]
[EventType "tourn"]
[EventRounds "9"]
[EventCountry "ESP"]
[SourceTitle "CBM 190 Extra"]
[Source "ChessBase"]
[SourceDate "2019.07.15"]
[SourceVersion "1"]
[SourceVersionDate "2019.07.15"]
[SourceQuality "1"]

1. e4 c5 2. Qe2 Nc6 3. Nf3 d6 4. d3 Nf6 5. g3 Bg4 6. c3 Ne5 7. Nbd2 Nxf3+ 8. Nxf3 e5 9. h3 Be6 10. Bg2 Be7 11. 0-0 0-0 12. Be3 Rc8 13. Rad1 Re8 14. c4 Bf8 15. b3 g6 16. Qd2 Bg7 17. Kh2 b6 18. Ng1 a6 19. Ne2 b5 20. f4 exf4 21. Bxf4 Nh5 22. Bg5 Qd7 23. g4 Be5+ 24. Kh1 Ng7 25. Bh6 f6 1/2-1/2

[Event "Barcelona Gotico"]
[Site "Barcelona"]
[Date "2019.04.02"]
[Round "4"]
[White "Cano Sevila, Ivan"]
[Black "Moravich Casais, Juan Santiago"]
[Result "0-1"]
[WhiteElo "1967"]
[BlackElo "1969"]
[PlyCount "70"]
[EventDate "2019.03.12"]
[EventType "tourn"]
[EventRounds "9"]
[EventCountry "ESP"]
[SourceTitle "CBM 190 Extra"]
[Source "ChessBase"]
[SourceDate "2019.07.15"]
[SourceVersion "1"]
[SourceVersionDate "2019.07.15"]
[SourceQuality "1"]

1. e4 c5 2. g3 Nc6 3. Bg2 g6 4. Nc3 Bg7 5. d3 d6 6. Be3 e5 7. Qd2 h6 8. Nd5 Nge7 9. Nxe7 Qxe7 10. c3 Be6 11. Ne2 Rd8 12. 0-0 d5 13. exd5 Bxd5 14. Bxd5 Rxd5 15. f4 0-0 16. fxe5 Rxe5 17. Rf3 Re8 18. Kf2 g5 19. d4 Re4 20. g4 cxd4 21. cxd4 Nxd4 22. Nxd4 Bxd4 23. Re1 Rxe3 24. Rexe3 Bxe3+ 25. Qxe3 Qxe3+ 26. Rxe3 Rxe3 27. Kxe3 f5 28. gxf5 Kf7 29. Ke4 Kf6 30. b3 h5 31. a3 a6 32. b4 b5 33. h3 h4 34. Ke3 Kxf5 35. Kf3 g4+ 0-1

[Event "Mataro Vinas Memorial 14th"]
[Site "Mataro"]
[Date "2018.06.09"]
[Round "9"]
[White "Nadal Fajardo, Ricard"]
[Black "Moravich Casais, Juan Santiago"]
[Result "1/2-1/2"]
[WhiteElo "1894"]
[BlackElo "1992"]
[PlyCount "68"]
[EventDate "2018.04.07"]
[EventType "swiss"]
[EventRounds "9"]
[EventCountry "ESP"]
[SourceTitle "EXT 2019"]
[Source "ChessBase"]
[SourceDate "2018.10.10"]
[SourceVersion "1"]
[SourceVersionDate "2018.10.10"]
[SourceQuality "1"]

1. c4 Nf6 2. Nc3 d6 3. g3 e5 4. Bg2 c6 5. d3 Be7 6. Nf3 0-0 7. 0-0 Re8 8. Rb1 a5 9. a3 h6 10. b4 axb4 11. axb4 Bf8 12. Qb3 d5 13. Bb2 Na6 14. Ba3 Bf5 15. Rbd1 Rb8 16. e4 dxc4 17. dxc4 Bd7 18. Nh4 Qc7 19. b5 Nc5 20. Bxc5 Bxc5 21. Na4 cxb5 22. cxb5 Be6 23. Qc3 Rbc8 24. Rc1 b6 25. Nxc5 Qxc5 26. Qxc5 Rxc5 27. Rxc5 bxc5 28. Rc1 c4 29. Nf5 Rb8 30. Nd6 Rb6 31. Nxc4 Rxb5 32. Ne3 Rb4 33. f3 g6 34. Bf1 Kg7 1/2-1/2

[Event "Barcelona Sant Marti op 6th"]
[Site "Barcelona"]
[Date "2017.02.23"]
[Round "7"]
[White "Moravich Casais, Juan Santiago"]
[Black "Valarezo Ricard, Pedro"]
[Result "1-0"]
[WhiteElo "1963"]
[BlackElo "1891"]
[PlyCount "35"]
[EventDate "2017.01.12"]
[EventType "swiss"]
[EventRounds "9"]
[EventCountry "ESP"]
[SourceTitle "EXT 2018"]
[Source "ChessBase"]
[SourceDate "2017.10.13"]
[SourceVersion "1"]
[SourceVersionDate "2017.10.13"]
[SourceQuality "1"]

1. c4 e5 2. Nf3 e4 3. Nd4 Nc6 4. Nxc6 bxc6 5. d4 h6 6. Nc3 Nf6 7. Qc2 d5 8. e3 a5 9. c5 Ba6 10. Bxa6 Rxa6 11. Bd2 Be7 12. 0-0 Nh7 13. f3 f5 14. fxe4 fxe4 15. Be1 Bh4 16. Qe2 Ra8 17. Qh5+ Kd7 18. Qf5+ 1-0

[Event "Barcelona Sant Marti op 6th"]
[Site "Barcelona"]
[Date "2017.02.02"]
[Round "4"]
[White "Moravich Casais, Juan Santiago"]
[Black "Anguera Maestro, Jaime"]
[Result "1/2-1/2"]
[WhiteElo "1963"]
[BlackElo "2106"]
[PlyCount "95"]
[EventDate "2017.01.12"]
[EventType "swiss"]
[EventRounds "9"]
[EventCountry "ESP"]
[SourceTitle "EXT 2018"]
[Source "ChessBase"]
[SourceDate "2017.10.13"]
[SourceVersion "1"]
[SourceVersionDate "2017.10.13"]
[SourceQuality "1"]

1. c4 c5 2. Nc3 Nc6 3. g3 g6 4. Bg2 Bg7 5. e3 d6 6. Nge2 e5 7. 0-0 Nge7 8. d3 0-0 9. Nd5 Nxd5 10. cxd5 Ne7 11. e4 Bd7 12. Be3 h6 13. Qd2 Kh7 14. b4 b6 15. a4 a5 16. bxc5 bxc5 17. Nc3 Rb8 18. Qc2 Qc7 19. Bd2 Rb7 20. Rfb1 Rfb8 21. Bf3 Nc8 22. Bd1 Na7 23. Rxb7 Rxb7 24. Rb1 Bf6 25. Rxb7 Qxb7 26. Qb3 Qxb3 27. Bxb3 Bd8 28. Bc4 g5 29. Kf1 Kg7 30. Ke2 Kf8 31. f4 f6 32. f5 Ke7 33. Kd1 Be8 34. Kc2 Bh5 35. Kb3 Kd7 36. Ka3 Bb6 37. Kb3 Kc7 38. Kb2 Be8 39. Ka3 Bh5 40. Be1 Bg4 41. Kb2 Bh5 42. Kc2 Bg4 43. Bf2 Bh5 44. Bb5 Kb7 45. Be3 c4 46. Bxb6 cxd3+ 47. Kxd3 Kxb6 48. Kc4 1/2-1/2

[Event "Mataro Maresme op-A 13th"]
[Site "Mataro"]
[Date "2016.10.29"]
[Round "4"]
[White "Gonzalez Saguillo, Oriol"]
[Black "Moravich Casais, Juan Santiago"]
[Result "1-0"]
[WhiteElo "1987"]
[BlackElo "1963"]
[PlyCount "57"]
[EventDate "2016.10.08"]
[EventType "swiss"]
[EventRounds "9"]
[EventCountry "ESP"]
[SourceTitle "EXT 2018"]
[Source "ChessBase"]
[SourceDate "2017.10.13"]
[SourceVersion "1"]
[SourceVersionDate "2017.10.13"]
[SourceQuality "1"]

1. d4 Nf6 2. Nf3 d6 3. Nc3 Bf5 4. Nh4 Bd7 5. e4 e5 6. dxe5 dxe5 7. Nf5 Nxe4 8. Nxg7+ Bxg7 9. Nxe4 Qe7 10. c3 h6 11. Qh5 Nc6 12. Be3 Nd4 13. 0-0-0 0-0-0 14. Bd3 f5 15. cxd4 fxe4 16. Bc2 Rhf8 17. d5 Kb8 18. Qe2 Qb4 19. Bxe4 Bb5 20. Qc2 Rf6 21. Bc5 Qa5 22. Be7 Qxa2 23. Bxd8 Rf7 24. d6 cxd6 25. Rxd6 Bc6 26. f3 Bf8 27. Rxc6 bxc6 28. Qxc6 Qa1+ 29. Kc2 1-0

[Event "Mataro Vinas Memorial 12th"]
[Site "Mataro"]
[Date "2016.05.07"]
[Round "5"]
[White "Minguell Soler, Joan"]
[Black "Moravich Casais, Juan Santiago"]
[Result "0-1"]
[WhiteElo "1885"]
[BlackElo "1961"]
[PlyCount "114"]
[EventDate "2016.04.09"]
[EventType "swiss"]
[EventRounds "9"]
[EventCountry "ESP"]
[SourceTitle "EXT 2017"]
[Source "ChessBase"]
[SourceDate "2016.10.25"]
[SourceVersion "1"]
[SourceVersionDate "2016.10.25"]
[SourceQuality "1"]

1. d4 Nf6 2. c4 g6 3. Nc3 Bg7 4. e4 d6 5. Nf3 0-0 6. Be2 e5 7. 0-0 exd4 8. Nxd4 Re8 9. f3 Bd7 10. Be3 Nc6 11. Qd2 Nxd4 12. Bxd4 Bc6 13. Rac1 a5 14. Rfd1 b6 15. b3 Nd7 16. Bxg7 Kxg7 17. Nd5 Bxd5 18. cxd5 Ra7 19. a3 Qf6 20. Rc3 Qd8 21. Rdc1 Re7 22. Qd4+ f6 23. Kh1 Nc5 24. b4 axb4 25. axb4 Nd7 26. Bb5 Ne5 27. h3 g5 28. Qf2 Ng6 29. Bf1 Qa8 30. R3c2 h6 31. g3 Ne5 32. f4 Ng6 33. Bg2 Ra1 34. Kh2 Rxc1 35. Rxc1 Qa3 36. Rc4 Qb3 37. Rd4 Qc3 38. Bf1 gxf4 39. gxf4 Nxf4 40. Rc4 Qe5 41. Kh1 Kh7 42. Qc2 Qa1 43. e5+ Ng6 44. Kg2 Qxe5 45. Bd3 Qxd5+ 46. Be4 Qg5+ 47. Kf2 c5 48. Bf3 Qe3+ 49. Kg2 f5 50. Qxf5 Qg5+ 51. Bg4 Kg7 52. Qxg5 hxg5 53. Rc2 Re4 54. bxc5 bxc5 55. Rd2 d5 56. Bf3 Re5 57. Kg3 d4 0-1

[Event "Mataro Vinas Memorial 12th"]
[Site "Mataro"]
[Date "2016.04.09"]
[Round "1"]
[White "Gonzalez Saguillo, Oriol"]
[Black "Moravich Casais, Juan Santiago"]
[Result "1-0"]
[WhiteElo "1770"]
[BlackElo "1961"]
[PlyCount "109"]
[EventDate "2016.04.09"]
[EventType "swiss"]
[EventRounds "9"]
[EventCountry "ESP"]
[SourceTitle "EXT 2017"]
[Source "ChessBase"]
[SourceDate "2016.10.25"]
[SourceVersion "1"]
[SourceVersionDate "2016.10.25"]
[SourceQuality "1"]

1. d4 Nf6 2. Nf3 d6 3. Nc3 Bf5 4. Bf4 g6 5. Qd2 c6 6. h3 Ne4 7. Nxe4 Bxe4 8. Ng5 Bf5 9. e4 Bc8 10. Nf3 Nd7 11. Bc4 Bg7 12. Bh6 0-0 13. Bxg7 Kxg7 14. 0-0-0 b5 15. Be2 Nf6 16. e5 Nd5 17. h4 h5 18. Nh2 dxe5 19. dxe5 Qc7 20. Bxb5 cxb5 21. Qxd5 Be6 22. Qxb5 Rfc8 23. Rd2 Bxa2 24. Qd7 Qxe5 25. Nf3 Qe6 26. Re1 Qxd7 27. Rxd7 Be6 28. Rxe7 Kf6 29. Rb7 Rc4 30. Re3 Rac8 31. c3 R8c7 32. Rxc7 Rxc7 33. Nd4 Bd5 34. g3 a6 35. b3 Rc5 36. c4 Bb7 37. Kb2 Re5 38. Rxe5 Kxe5 39. Kc3 f6 40. Kd3 g5 41. Ke3 gxh4 42. gxh4 a5 43. Ne2 Bc6 44. Ng3 Be8 45. f4+ Kd6 46. Kd4 Kc6 47. Ne4 f5 48. Ng3 Bg6 49. Ke5 Kc5 50. Nxf5 Kb4 51. Nd4 Bf7 52. Nc6+ Kxb3 53. Nxa5+ Kb4 54. Nb7 Kxc4 55. Nd6+ 1-0

[Event "Barcelona Sant Marti op-A 4th"]
[Site "Barcelona"]
[Date "2015.01.15"]
[Round "1"]
[White "Moravich Casais, Juan Santiago"]
[Black "Pallares Gurrea, Aitor Alexander"]
[Result "1-0"]
[WhiteElo "2022"]
[BlackElo "1669"]
[PlyCount "33"]
[EventDate "2015.01.15"]
[EventType "swiss"]
[EventRounds "9"]
[EventCountry "ESP"]
[SourceTitle "EXT 2016"]
[Source "ChessBase"]
[SourceDate "2015.10.08"]
[SourceVersion "1"]
[SourceVersionDate "2015.10.08"]
[SourceQuality "1"]

1. e4 e5 2. Nf3 Nc6 3. Bc4 Bc5 4. 0-0 Nf6 5. d4 Bxd4 6. Nxd4 Nxd4 7. f4 Ne6 8. fxe5 Nxe4 9. Qf3 N4g5 10. Bxg5 Nxg5 11. Bxf7+ Ke7 12. Qh5 Ne6 13. Bxe6 Kxe6 14. Qf7+ Kxe5 15. Nc3 c6 16. Qf4+ Ke6 17. Rae1# 1-0

[Event "Llinars del Valles op-A 7th"]
[Site "Llinars del Valles"]
[Date "2013.05.18"]
[Round "5"]
[White "Serra Canals, Oriol"]
[Black "Moravich Casais, Juan Santiago"]
[Result "1/2-1/2"]
[WhiteElo "1829"]
[BlackElo "2031"]
[PlyCount "102"]
[EventDate "2013.04.13"]
[EventType "swiss"]
[EventRounds "7"]
[EventCountry "ESP"]
[SourceTitle "EXT 2014"]
[Source "ChessBase"]
[SourceDate "2013.11.20"]
[SourceVersion "1"]
[SourceVersionDate "2013.11.20"]
[SourceQuality "1"]

1. d4 e6 2. Nf3 d5 3. g3 f5 4. Bg2 Nf6 5. 0-0 Bd6 6. c4 c6 7. Qc2 0-0 8. b3 Qe7 9. Nc3 Ne4 10. Na4 Nd7 11. Nb2 b6 12. Nd3 Bb7 13. Bf4 Bxf4 14. Nxf4 Rfc8 15. Rac1 c5 16. Qb2 dxc4 17. Rxc4 cxd4 18. Nxd4 e5 19. Nxf5 Qf6 20. Rxc8+ Rxc8 21. Bh3 exf4 22. Qxf6 Nexf6 23. Ne7+ Kf7 24. Nxc8 Bxc8 25. gxf4 Ba6 26. Rd1 Nc5 27. e3 Ke7 28. Bf1 Bb7 29. Bg2 Ba6 30. f3 Bb7 31. Kf2 Nd5 32. Rd2 a5 33. Bf1 Nc3 34. Bc4 h6 35. Bg8 b5 36. Bh7 b4 37. e4 Bxe4 38. fxe4 N5xe4+ 39. Bxe4 Nxe4+ 40. Ke3 Nxd2 41. Kxd2 Ke6 42. Ke3 Kf5 43. h3 g6 44. Kf3 Kf6 45. Ke4 Ke6 46. Ke3 h5 47. h4 Kf5 48. Kf3 Kf6 49. Ke4 Ke6 50. Ke3 Kd5 51. Kd3 Ke6 1/2-1/2